000 00888nam a2200301 a 4500
003 AR-BaBNM
005 20251128210345.0
008 082120s2002 ||||||||||||||000 | spa||
020 _a84-7506-418-3
040 _cAR-BaBNM
100 1 _aTorquemada, Antonio de
245 0 0 _aObras completas de Antonio de Torquemada
_bManual de escribientes ; Coloquios satíricos ; Jardín de flores curiosas
_n1 ;
260 _aMadrid
_bTurner Libros
_c1994
300 _axliii, 904 p.
490 0 _aBiblioteca Castro
_vv. 47
650 4 _aSATIRA
650 4 _aLITERATURA ESPAÑOLA
650 4 _aMITOLOGIA
650 4 _aRENACIMIENTO
650 4 _aTRADICION ORAL
653 _aINFLUENCIA CLASICA
653 _aLITERATURA FANTASTICA
655 _aLITERATURA
700 1 _aRodríguez Cacho, Lina
_eeditor
800 1 _aArroyo Stephens, Manuel
_eeditor
942 _cBK
998 _cMARTIN
999 _c15115
_d15115